000 00959pam a2200313 a 4500
001 2331772
003 CEME
005 20210628201615.0
008 820303s1982 enka b 001 0 eng
010 _a 82003801
020 _a0080283306 :
_c$26.00 (est.)
020 _a0080283314 (pbk.) :
_c$13.00 (est.)
040 _aDLC
_cDLC
_dDLC
050 0 0 _aUD380
_b.M37 1982
082 0 0 _a623.4/4
_219
100 2 _aMarchant Smith, C. J.
_955993
245 1 0 _aSmall arms & cannons /
_cC.J. Marchant Smith and P.R. Haslam.
250 _a1st ed.
260 _aOxford ;
_aNew York :
_bBrassey's Publishers,
_c1982.
300 _axvi, 202 p. :
_bill. ;
_c26 cm.
440 0 _aBattlefield weapons systems & technology ;
_vv. 5
_955994
500 _aIncludes index.
504 _aBibliography: p. 197.
650 0 _aFirearms.
_955995
650 0 _aOrdnance.
_942175
700 1 _aHaslam, P. R.
_955996
740 0 _aSmall arms and cannons.
942 _2ddc
_cBK
999 _c566567
_d566567